Návrh metodiky implementácie služby e-learning

Služba e-learning (e-vzdelávanie), návrh a implementácia. Prepojenie návrhu implementácie e-learningu s novými IT technológiami. Prepojenie modelu siete so službou e-learning a SOA architektúrou. Zavedenie zvoleného navrhnutého metodického postupu hodnotovej metodiky.

Guardado en:
Detalles Bibliográficos
Autor principal: Kanáliková, Alžbeta, 1969-
Formato: Capítulo de libro
Lenguaje:eslovaco
Materias:
Etiquetas: Agregar Etiqueta
Sin Etiquetas, Sea el primero en etiquetar este registro!

MARC

LEADER 00000nla$a2200000$$$4500
001 0113397
005 20221128083544.5
041 0 |a slo 
044 |a SK 
245 1 0 |a Návrh metodiky implementácie služby e-learning  |c Alžbeta Kanáliková 
520 |a Služba e-learning (e-vzdelávanie), návrh a implementácia. Prepojenie návrhu implementácie e-learningu s novými IT technológiami. Prepojenie modelu siete so službou e-learning a SOA architektúrou. Zavedenie zvoleného navrhnutého metodického postupu hodnotovej metodiky. 
610 2 0 |a vzdelávanie elektronické 
610 2 0 |a technológie informačné 
610 2 0 |a technológie komunikačné 
610 2 0 |a modely 
610 2 0 |a metodika 
610 2 0 |a analýza hodnotová 
100 1 |a Kanáliková, Alžbeta, 1969-